000 00584nam a22001937a 4500
005 20250220131014.0
008
020 _a84-7223-727-3
082 1 4 _214
_a331.8
100 1 _aCastoriadis, Cornelius
_921195
245 1 3 _aLa experiencia del movimiento obrero 1 :
_bcomo luchar /
_cCornelius Castoriadis
260 _aBarcelona:
_bTurquets Editores,
_c1979
300 _a1 v.
440 _aAcracia
_921196
_n27
500 _aBiblioteca poseé sólo el volúmen 1.
650 2 7 _aHISTORIA MODERNA
_912096
_2unescot
650 2 7 _aMOVIMIENTO OBRERO
_9742
_2unescot
942 _2ddc
_cLIBRO
999 _c10713
_d10713
980 _619226
_a Palazón Marcela I.
_819226
_g Palazón Marcela I.